Monetary Economics (Record no. 11344)

MARC details
000 -LEADER
fixed length control field 00446nam a22001817a 4500
005 - DATE AND TIME OF LATEST TRANSACTION
control field 20220622130953.0
008 - FIXED-LENGTH DATA ELEMENTS--GENERAL INFORMATION
fixed length control field 220622b ||||| |||| 00| 0 eng d
020 ## - INTERNATIONAL STANDARD BOOK NUMBER
International Standard Book Number 8187125594
040 ## - CATALOGING SOURCE
Original cataloging agency IN-DiNC
Transcribing agency IN-DiNC
041 ## - LANGUAGE CODE
Language code of sung or spoken text English
082 ## - DEWEY DECIMAL CLASSIFICATION NUMBER
Classification number 332.46
100 ## - MAIN ENTRY--PERSONAL NAME
Personal name Jhingan M L
Relator term Author
245 ## - TITLE STATEMENT
Title Monetary Economics
Statement of responsibility, etc. by M L Jhingan
250 ## - EDITION STATEMENT
Edition statement 5th ed.
260 ## - PUBLICATION, DISTRIBUTION, ETC.
Place of publication, distribution, etc. Delhi
Name of publisher, distributor, etc. Vrinda publications
Date of publication, distribution, etc. 2001
300 ## - PHYSICAL DESCRIPTION
Extent 718p.
942 ## - ADDED ENTRY ELEMENTS (KOHA)
Source of classification or shelving scheme Dewey Decimal Classification
Koha item type Books
Holdings
Withdrawn status Lost status Source of classification or shelving scheme Damaged status Not for loan Collection code Home library Current library Shelving location Date acquired Cost, normal purchase price Total Checkouts Full call number Barcode Date last seen Date last checked out Copy number Price effective from Koha item type
    Dewey Decimal Classification     Commerce Central Library, Naharkatiya College Central Library, Naharkatiya College General Stacks 22/06/2022 160.00 1 332.46 2349 23/06/2023 22/06/2022 1 22/06/2022 Books

Naharkatiya College © 2020. All rights reserved.

Powered By